000 01222nam0a2200301 4500
001 RU\NLR\bibl\1322964
005 20260406073531.0
010 _a978-5-91181-895-1
_95000
021 _aRU
_b2008-95011
_95569
035 _a(NLR Aleph) 001308288
090 _a663111
_c663111
100 _a20090202d2008 |||y0rusy50 ca
101 1 _arus
_cfre
102 _aRU
105 _ay |||||||||
200 1 _aСтрах
_eфранцузская готическая проза
_e[сборник рассказов
_fпер. с фр. Е. Гунста и др.]
210 _aСанкт-Петербург
_cАзбука-классика
_d2008
215 _a315, [2] с.
_d18
225 1 _aАзбука-классика
320 _aСодерж.: авт.: Проспер Мериме, Теофиль Готье, Ги де Мопассан, Огюст Вилье де Лиль-Адан
686 _aШ6(4Фр)57-440.5я43{Лх1647-80сб}
702 1 _4730
_aГунст
_bЕ. А.
_cпереводчик
_f1901-1983
_gЕвгений Анатольевич
_3RU\NLR\AUTH\770133221
_9133187
801 0 _aRU
_bNLR
_c20090202
_gRCR
801 1 _aRU
_bNLR
_c20090202
942 _cBOOK
980 _aNB